[Event "11th Philadelphia International"]
[Site "Philadelphia, PA"]
[Date "2017.06.25"]
[Round "3.16"]
[White "Nguyen, Trung"]
[Black "Ruiz, Joshua"]
[Result "1/2-1/2"]
[WhiteElo "2132"]
[BlackElo "2367"]
[PlyCount "173"]
[EventDate "2017.06.??"]
[EventType "swiss"]
[EventRounds "9"]
[EventCountry "USA"]

1. d4 Nf6 2. c4 e5 3. dxe5 Ng4 4. Nf3 Bc5 5. e3 Nc6 6. Be2 Ncxe5 7. Nxe5 Nxe5
8. O-O O-O 9. Nc3 Re8 10. a3 a5 11. Rb1 d6 12. b4 Ba7 13. Qc2 c6 14. Bb2 Re6
15. Ne4 Rh6 16. Nxd6 Qxd6 17. Rfd1 Nf3+ 18. Bxf3 Qxh2+ 19. Kf1 Be6 20. c5 Rh4
21. Bd4 a4 22. Qc3 Bg4 23. Bxg4 Rxg4 24. g3 Re8 25. Be5 Qh1+ 26. Ke2 Qh5 27.
Kf1 Qh3+ 28. Ke2 Rg5 29. Bf4 Rf5 30. Qc2 Qg4+ 31. Ke1 g5 32. Bc7 Qf3 33. Bf4
Qg4 34. Bc7 Qh3 35. Qe2 Qg2 36. Rd3 Re6 37. g4 Rf3 38. Bg3 Ref6 39. Rd8+ Kg7
40. Be5 Qg1+ 41. Kd2 Qxg4 42. Rd6 Qe4 43. Rxf6 Rxf6 44. Bxf6+ Kxf6 45. Qd3 Qf3
46. Qxh7 Qxf2+ 47. Kd3 Bb8 48. Qh6+ Kf5 49. Qh7+ Ke6 50. Qh6+ f6 51. Qh3+ Ke7
52. Qh7+ Ke6 53. Qg8+ Ke7 54. Qh7+ Ke6 55. Qh3+ Ke7 56. Rf1 Qb2 57. Qh7+ Ke6
58. Qg8+ Ke7 59. Qxb8 Qb3+ 60. Ke2 Qc2+ 61. Kf3 Qf5+ 62. Kg2 Qe4+ 63. Kh2 Qh4+
64. Kg1 Qg4+ 65. Kf2 Qf5+ 66. Kg2 Qe4+ 67. Rf3 g4 68. Qd6+ Ke8 69. Qxf6 gxf3+
70. Qxf3 Qc2+ 71. Kg3 Qc1 72. e4 Qg5+ 73. Qg4 Qe3+ 74. Kh4 Qxa3 75. Qc8+ Ke7
76. Qxb7+ Kf8 77. Qxc6 Qxb4 78. Qd6+ Kf7 79. Qd5+ Ke7 80. c6 Qd6 81. Qg5+ Kf7
82. Qf5+ Ke7 83. Qh7+ Kf6 84. Qf5+ Ke7 85. Qh7+ Kf6 86. Qh8+ Kf7 87. Qh7+
1/2-1/2

[Event "11th Philadelphia International"]
[Site "Philadelphia, PA"]
[Date "2017.06.25"]
[Round "3.17"]
[White "Cooke, Eric"]
[Black "Kumar, Nikhil"]
[Result "1-0"]
[WhiteElo "2118"]
[BlackElo "2367"]
[PlyCount "131"]
[EventDate "2017.06.??"]
[EventType "swiss"]
[EventRounds "9"]
[EventCountry "USA"]

1. d4 d5 2. c4 e6 3. Nc3 Nf6 4. Nf3 c5 5. cxd5 Nxd5 6. e4 Nxc3 7. bxc3 cxd4 8.
cxd4 Bb4+ 9. Bd2 Bxd2+ 10. Qxd2 O-O 11. Bc4 Nd7 12. O-O b6 13. Rad1 Bb7 14.
Rfe1 Nf6 15. Qd3 Qc7 16. Ne5 Rfd8 17. f4 Rac8 18. f5 Ng4 19. Nxg4 Qxc4 20. fxe6
Qxe6 21. Qg3 Qd6 22. Qb3 Qe6 23. Qg3 Qd6 24. Qb3 Rc7 25. Ne5 Qe6 26. Qg3 Re7
27. Ng4 Qd6 28. e5 Qg6 29. Qh4 Red7 30. Rd2 Bd5 31. e6 fxe6 32. Ne5 Qf6 33.
Qxf6 gxf6 34. Nxd7 Rxd7 35. Rc1 Kf7 36. a3 Ke7 37. Kf2 Kd6 38. Rc8 Rg7 39. g3
Bb7 40. Rd8+ Ke7 41. Rb8 Kd6 42. Rc2 Rd7 43. Ke3 e5 44. Rd2 Bd5 45. dxe5+ fxe5
46. Rc8 Ke7 47. g4 a5 48. g5 Bf7 49. Rxd7+ Kxd7 50. Rh8 Bg6 51. h4 Ke6 52. Rb8
Kf5 53. Rxb6 a4 54. Rb4 Be8 55. Rc4 Bb5 56. Rc7 Kg6 57. Re7 Bc4 58. Rxe5 Kh5
59. Re4 Bb3 60. Kf2 Bc2 61. Rd4 Bb3 62. Kg3 Bc2 63. Rd6 Bg6 64. Ra6 h6 65. gxh6
Kxh6 66. Rxa4 1-0

[Event "11th Philadelphia International"]
[Site "Philadelphia, PA"]
[Date "2017.06.25"]
[Round "3.18"]
[White "Zhang, Alan"]
[Black "Wang, Kevin"]
[Result "0-1"]
[WhiteElo "2094"]
[BlackElo "2367"]
[PlyCount "68"]
[EventDate "2017.06.??"]
[EventType "swiss"]
[EventRounds "9"]
[EventCountry "USA"]

1. e4 c6 2. d4 d5 3. Nc3 dxe4 4. Nxe4 Bf5 5. Ng3 Bg6 6. h4 h6 7. Nf3 Nd7 8. h5
Bh7 9. Bd3 Bxd3 10. Qxd3 e6 11. Bd2 Ngf6 12. O-O-O Be7 13. Kb1 Qb6 14. Ne4 Rd8
15. Bc1 c5 16. dxc5 Nxc5 17. Nxf6+ Bxf6 18. Qe3 O-O 19. Ne5 Qb5 20. f4 Na4 21.
g4 Nb6 22. b3 Nd5 23. Qg3 Nb4 24. Bb2 Rxd1+ 25. Rxd1 Qe2 26. Rc1 Rc8 27. Nc4
Bxb2 28. Kxb2 b5 29. Qe3 Qg2 30. Na3 Nd5 31. Qxa7 b4 32. Nc4 Qxg4 33. Rf1 Qh3
34. Qf2 Rxc4 0-1

[Event "11th Philadelphia International"]
[Site "Philadelphia, PA"]
[Date "2017.06.25"]
[Round "3.19"]
[White "Grabinsky, Aaron"]
[Black "Mujumdar, Sameer"]
[Result "1-0"]
[WhiteElo "2338"]
[BlackElo "2089"]
[PlyCount "63"]
[EventDate "2017.06.??"]
[EventType "swiss"]
[EventRounds "9"]
[EventCountry "USA"]

1. d4 Nf6 2. Bf4 g6 3. e3 Bg7 4. Nf3 O-O 5. Be2 d6 6. h3 c5 7. c3 b6 8. a4 Ba6
9. O-O Bxe2 10. Qxe2 Nc6 11. e4 cxd4 12. cxd4 d5 13. e5 Ne4 14. Nbd2 Nxd2 15.
Bxd2 Qd7 16. b4 e6 17. Rfc1 f6 18. b5 Ne7 19. exf6 Bxf6 20. g4 Rae8 21. Ne5
Bxe5 22. Qxe5 Rc8 23. Bh6 Rf7 24. Rxc8+ Nxc8 25. Rc1 Nd6 26. Rc6 Ne8 27. Rxe6
Ng7 28. Rd6 Qc7 29. Bxg7 Qc1+ 30. Kg2 Rxf2+ 31. Kxf2 Qd2+ 32. Kg3 1-0

[Event "11th Philadelphia International"]
[Site "Philadelphia, PA"]
[Date "2017.06.25"]
[Round "3.20"]
[White "Moon, Benjamin"]
[Black "Macaspac, Arthur"]
[Result "1-0"]
[WhiteElo "2304"]
[BlackElo "2059"]
[PlyCount "83"]
[EventDate "2017.06.??"]
[EventType "swiss"]
[EventRounds "9"]
[EventCountry "USA"]

1. d4 Nf6 2. Bf4 d5 3. e3 c5 4. Nf3 Nc6 5. Nbd2 Bg4 6. c3 e6 7. Qb3 Qb6 8. Nh4
Be7 9. h3 Bh5 10. g4 Nd7 11. Ndf3 Bg6 12. Nxg6 hxg6 13. Bg2 Na5 14. Qxb6 axb6
15. Nd2 g5 16. Bg3 cxd4 17. exd4 Rc8 18. O-O Nc4 19. Nxc4 Rxc4 20. Rfc1 Rc8 21.
c4 Rxc4 22. Rxc4 dxc4 23. Bxb7 f5 24. gxf5 exf5 25. Bc7 Rxh3 26. Bc6 c3 27.
bxc3 Rxc3 28. d5 Kf8 29. a4 Rc2 30. Kg2 Kf7 31. Rh1 Bc5 32. Bxd7 Rxf2+ 33. Kg3
f4+ 34. Kg4 Rg2+ 35. Kf3 Rg3+ 36. Ke4 Be7 37. Be6+ Kg6 38. Bf5+ Kf7 39. d6 Re3+
40. Kd5 Bf6 41. d7 Re2 42. Rd1 1-0

[Event "11th Philadelphia International"]
[Site "Philadelphia, PA"]
[Date "2017.06.25"]
[Round "3.21"]
[White "Eswaran, Ashritha"]
[Black "Niemann, Hans"]
[Result "0-1"]
[WhiteElo "2086"]
[BlackElo "2282"]
[PlyCount "122"]
[EventDate "2017.06.??"]
[EventType "swiss"]
[EventRounds "9"]
[EventCountry "USA"]

1. e4 c5 2. Nf3 e6 3. d4 cxd4 4. Nxd4 Nc6 5. Nc3 Qc7 6. g3 a6 7. Bg2 b5 8. O-O
Bb7 9. Re1 Bc5 10. Nb3 Bb4 11. Bd2 Bd6 12. Be3 Nge7 13. Nc5 Bc8 14. f4 b4 15.
N3a4 e5 16. f5 O-O 17. Nb3 a5 18. Nb6 Ra6 19. Nc4 Nd8 20. Ncxa5 Nb7 21. Nxb7
Bxb7 22. f6 gxf6 23. Bh6 Rd8 24. Qg4+ Ng6 25. h4 Bf8 26. Be3 Kh8 27. Rad1 Bc8
28. h5 Ne7 29. Qh4 Ng8 30. h6 Ne7 31. Bf1 Ng6 32. Qh5 Rc6 33. Bd3 Be7 34. Rf1
Rg8 35. Kh2 d6 36. Rf2 Be6 37. Rg1 Qc8 38. Qe2 Bg4 39. Qe1 Qf8 40. Kg2 Nf4+ 41.
Bxf4 exf4 42. Rxf4 Qxh6 43. Rxg4 Rxg4 44. Nd4 Rc5 45. Nf5 Qf8 46. Qe2 Rg5 47.
Rh1 Re5 48. Qf3 Bd8 49. Bc4 d5 50. Bxd5 Bc7 51. Rh3 Qc5 52. Ne3 Kg7 53. Ng4
Qxc2+ 54. Kh1 Qc1+ 55. Kg2 Qxb2+ 56. Kh1 Qc1+ 57. Kg2 Qc2+ 58. Kh1 Rgf5 59.
Nxe5 Rxf3 60. Nxf3 Qd1+ 61. Ng1 Bb6 0-1

[Event "11th Philadelphia International"]
[Site "Philadelphia, PA"]
[Date "2017.06.25"]
[Round "3.22"]
[White "Jirasek, Ladia"]
[Black "Norovsambu, Badamkhand"]
[Result "1-0"]
[WhiteElo "2271"]
[BlackElo "2038"]
[PlyCount "85"]
[EventDate "2017.06.??"]
[EventType "swiss"]
[EventRounds "9"]
[EventCountry "USA"]

1. e4 c6 2. d4 d5 3. exd5 cxd5 4. c4 Nf6 5. Nc3 e6 6. c5 Nc6 7. Bb5 Be7 8. Nf3
O-O 9. O-O Ne4 10. Bxc6 Nxc3 11. bxc3 bxc6 12. Bf4 f6 13. Qa4 Bd7 14. Rab1 e5
15. dxe5 Bxc5 16. exf6 Qxf6 17. Be5 Qg6 18. Bg3 Bd6 19. Rb7 Bxg3 20. hxg3 Qg4
21. Qa3 Bf5 22. Ne5 Qg5 23. Nxc6 Bd3 24. Rd1 Qf6 25. Qc5 Be4 26. f3 d4 27. Rc7
Qh6 28. Ne7+ Kh8 29. Qxd4 Bxf3 30. gxf3 Rxf3 31. Kg2 Raf8 32. Rc5 Qa6 33. Re5
Qxa2+ 34. Rd2 Qb1 35. Qg1 Qb7 36. Nd5 a5 37. Qd1 Qf7 38. Nf4 Rxc3 39. Rd7 Qa2+
40. Kh3 Rc2 41. Rd8 Rh2+ 42. Kg4 h5+ 43. Rxh5+ 1-0

[Event "11th Philadelphia International"]
[Site "Philadelphia, PA"]
[Date "2017.06.25"]
[Round "3.23"]
[White "Li, Ben"]
[Black "Saikhanchimeg, Saik"]
[Result "1-0"]
[WhiteElo "2263"]
[BlackElo "1970"]
[PlyCount "63"]
[EventDate "2017.06.??"]
[EventType "swiss"]
[EventRounds "9"]
[EventCountry "USA"]

1. d4 Nf6 2. c4 e6 3. Nf3 Bb4+ 4. Bd2 Bxd2+ 5. Qxd2 Ne4 6. Qc2 f5 7. Nc3 Nxc3
8. Qxc3 b6 9. g3 Bb7 10. Bg2 d6 11. O-O O-O 12. c5 Be4 13. cxd6 cxd6 14. Nd2
Bxg2 15. Kxg2 Nd7 16. Rac1 Nf6 17. Qa3 Qd7 18. Rc2 Rfc8 19. Rfc1 Rxc2 20. Rxc2
Nd5 21. Nf3 a5 22. Rc1 b5 23. Qd3 h6 24. a3 Ra7 25. e4 Nb6 26. exf5 exf5 27.
Nh4 f4 28. Qg6 fxg3 29. Re1 Kf8 30. hxg3 Nd5 31. Nf5 b4 32. Nxg7 1-0

[Event "11th Philadelphia International"]
[Site "Philadelphia, PA"]
[Date "2017.06.25"]
[Round "3.24"]
[White "Bayer, Anu"]
[Black "Peng, David"]
[Result "0-1"]
[WhiteElo "2041"]
[BlackElo "2254"]
[PlyCount "76"]
[EventDate "2017.06.??"]
[EventType "swiss"]
[EventRounds "9"]
[EventCountry "USA"]

1. d4 Nf6 2. c4 e6 3. Nc3 Bb4 4. Qc2 d5 5. Bg5 O-O 6. cxd5 exd5 7. e3 Be7 8.
Bd3 h6 9. Bh4 b6 10. Nf3 Bb7 11. O-O Nbd7 12. Rad1 Re8 13. a3 a5 14. Qb1 Ne4
15. Nxd5 Bxd5 16. Bxe4 Bxe4 17. Qxe4 g5 18. Bg3 Bxa3 19. Qc2 Bd6 20. Ne5 Qe7
21. f4 Rf8 22. Qf5 Bxe5 23. dxe5 Nc5 24. Qh3 Kh7 25. fxg5 Qxg5 26. Rf6 Qxe3+
27. Kh1 Ne4 28. Qf5+ Kg8 29. Qg4+ Kh7 30. Bh4 Nxf6 31. Bxf6 Rg8 32. Qf5+ Rg6
33. Qd7 Rf8 34. Qe7 Qe2 35. Rg1 Rxg2 36. Rxg2 Qd1+ 37. Rg1 Qd5+ 38. Rg2 Rg8 0-1

[Event "11th Philadelphia International"]
[Site "Philadelphia, PA"]
[Date "2017.06.25"]
[Round "3.26"]
[White "Winkelman, Albert"]
[Black "Zhang, Chao"]
[Result "0-1"]
[WhiteElo "2028"]
[BlackElo "2229"]
[PlyCount "68"]
[EventDate "2017.06.??"]
[EventType "swiss"]
[EventRounds "9"]
[EventCountry "USA"]

1. e4 e5 2. Nf3 Nc6 3. Bb5 Nf6 4. d3 Bc5 5. Bxc6 dxc6 6. h3 Nd7 7. O-O O-O 8.
Nbd2 Re8 9. Nc4 Bd6 10. b3 c5 11. a4 Nb8 12. Bg5 f6 13. Bh4 Nc6 14. c3 Be6 15.
Bg3 Qd7 16. Nh4 Rad8 17. Qh5 Bf8 18. Rfd1 Qf7 19. Qf3 Ne7 20. Qe3 b6 21. Nf3
Nc6 22. Nfd2 Qd7 23. Nb1 a6 24. Nba3 Rb8 25. f4 b5 26. axb5 axb5 27. Nd2 exf4
28. Bxf4 Red8 29. c4 Nd4 30. cxb5 Nxb5 31. Nxb5 Rxb5 32. Ra7 Qxd3 33. Qxd3 Rxd3
34. Rc1 g5 0-1

[Event "11th Philadelphia International"]
[Site "Philadelphia, PA"]
[Date "2017.06.25"]
[Round "3.28"]
[White "Paul, Justin"]
[Black "Aravind, Neelakantan"]
[Result "1-0"]
[WhiteElo "2195"]
[BlackElo "1351"]
[PlyCount "63"]
[EventDate "2017.06.??"]
[EventType "swiss"]
[EventRounds "9"]
[EventCountry "USA"]

1. Nf3 d5 2. c4 c6 3. g3 Nf6 4. Bg2 g6 5. b3 Bg7 6. Bb2 O-O 7. O-O e6 8. d3 b6
9. Qc2 Nbd7 10. e4 dxe4 11. dxe4 Qc7 12. Ne1 e5 13. Nd3 Re8 14. Nc3 g5 15. Rfd1
Nf8 16. Rac1 Bg4 17. f3 Bh5 18. c5 b5 19. h3 Ne6 20. Qf2 Nd7 21. Nd5 cxd5 22.
exd5 Nexc5 23. Nxc5 Nxc5 24. b4 Nd3 25. Rxc7 Nxf2 26. Kxf2 Rac8 27. d6 Red8 28.
Rdc1 Rb8 29. d7 Bf6 30. Rc8 Rb7 31. Bxe5 Be7 32. R1c7 1-0

[Event "11th Philadelphia International"]
[Site "Philadelphia, PA"]
[Date "2017.06.25"]
[Round "3.29"]
[White "Baquero, Luis"]
[Black "Kumar, Naman"]
[Result "1/2-1/2"]
[WhiteElo "2222"]
[BlackElo "1840"]
[PlyCount "168"]
[EventDate "2017.06.??"]
[EventType "swiss"]
[EventRounds "9"]
[EventCountry "USA"]

1. c4 Nf6 2. Nc3 g6 3. d4 Bg7 4. e4 d6 5. Nf3 O-O 6. Be2 e5 7. O-O Nc6 8. d5
Ne7 9. Ne1 Nd7 10. Nd3 f5 11. Bd2 f4 12. f3 g5 13. Rc1 Ng6 14. b4 Nf6 15. c5
Rf7 16. Nf2 h5 17. h3 Bf8 18. cxd6 cxd6 19. a4 Rg7 20. Be1 Nh8 21. Nb5 a6 22.
Na3 Nf7 23. Nc4 Nh6 24. a5 g4 25. hxg4 hxg4 26. Nb6 Rb8 27. Nxc8 Rxc8 28. fxg4
Rxc1 29. Qxc1 Nhxg4 30. Bxg4 Nxg4 31. Nxg4 Rxg4 32. Rf3 Qg5 33. Qc2 Qg6 34. Kf1
Qh7 35. Rh3 Qg7 36. Rf3 Qh7 37. Bf2 Qg7 38. Be1 Qh7 39. Rh3 Qg7 40. Rf3 Qh7 41.
Kg1 Qg6 42. Qe2 Kg7 43. Kh1 Kg8 44. Rh3 Bh6 45. Qf3 Bf8 46. Bh4 Kg7 47. Rh2 Kg8
48. Bf2 Qg7 49. Qh3 Rg6 50. Qh5 Rh6 51. Qxh6 Qxh6 52. Rxh6 Bxh6 53. Bh4 Kf7 54.
Kh2 f3 55. gxf3 Bd2 56. Bd8 Bxb4 57. Bb6 Ke7 58. Kg3 Bd2 59. Kg4 Kd7 60. Kg3
Be1+ 61. Kg2 Bd2 62. Kf2 Bc1 63. Ke2 Bg5 64. Bf2 Bd8 65. Be1 b6 66. axb6 Bxb6
67. Kd3 Bc5 68. Kc4 Bb6 69. Bd2 Bc5 70. f4 exf4 71. Bxf4 Bf2 72. Bd2 Bb6 73.
Kb4 Bd4 74. Ka5 Be5 75. Kxa6 Bd4 76. Kb7 Be5 77. Be3 Bh2 78. Bd4 Bg3 79. Ka6
Bh2 80. Kb5 Bg3 81. Kc4 Bh2 82. Kd3 Bg3 83. Ke2 Bf4 84. Kf3 Bc1 1/2-1/2

[Event "11th Philadelphia International"]
[Site "Philadelphia, PA"]
[Date "2017.06.25"]
[Round "3.30"]
[White "Machuca, Danny"]
[Black "De Fotis, Gary"]
[Result "0-1"]
[WhiteElo "2153"]
[BlackElo "1911"]
[PlyCount "75"]
[EventDate "2017.06.??"]
[EventType "swiss"]
[EventRounds "9"]
[EventCountry "USA"]

1. d4 Nf6 2. Bf4 b6 3. e3 Bb7 4. Nf3 e6 5. c3 Be7 6. Bd3 c5 7. h3 Nc6 8. O-O
O-O 9. Nbd2 Nd5 10. Bh2 cxd4 11. e4 Nf6 12. cxd4 Nb4 13. Qe2 Nxd3 14. Qxd3 d5
15. e5 Ne4 16. Bf4 Rc8 17. Ne1 Qd7 18. Nb3 h6 19. f3 Ng5 20. h4 Nh7 21. g3 Qa4
22. Qd2 Ba6 23. Nd3 Rc4 24. Nbc5 bxc5 25. b3 Qa3 26. bxc4 cxd4 27. Rfb1 dxc4
28. Nb4 Bb7 29. Nc2 Qxf3 30. Nxd4 Bc5 31. Rxb7 Qxb7 32. Kh2 Rd8 33. Be3 Qe4 34.
Rd1 Qxe5 35. Qa5 Rd5 36. Qc3 Nf6 37. Bf4 Bxd4 38. Qxc4 0-1

[Event "11th Philadelphia International"]
[Site "Philadelphia, PA"]
[Date "2017.06.25"]
[Round "3.31"]
[White "Somalwar, Anaiy"]
[Black "Guo, Arthur"]
[Result "1/2-1/2"]
[WhiteElo "1780"]
[BlackElo "2122"]
[PlyCount "95"]
[EventDate "2017.06.??"]
[EventType "swiss"]
[EventRounds "9"]
[EventCountry "USA"]

1. d4 Nf6 2. c4 e6 3. Nc3 Bb4 4. e3 c5 5. Nf3 Bxc3+ 6. bxc3 d6 7. Bd3 Nc6 8.
O-O e5 9. d5 Ne7 10. e4 h6 11. Re1 O-O 12. Nh4 Ng6 13. Nf5 Bxf5 14. exf5 Ne7
15. f3 b5 16. cxb5 Nexd5 17. c4 Ne7 18. Be4 Rb8 19. a4 Re8 20. Ba3 Qc7 21. Qc2
Red8 22. Red1 Rbc8 23. Rac1 Kh7 24. Rd2 g5 25. fxg6+ fxg6 26. Rcd1 Nh5 27. g3
Ng7 28. Bb2 Ne6 29. Bd5 Ng5 30. Be4 Ne6 31. Bd5 Nd4 32. Bxd4 cxd4 33. Be6 Rb8
34. Qe4 Rf8 35. f4 Rf6 36. Bh3 Rbf8 37. Re1 Nf5 38. Bxf5 Rxf5 39. Qd5 Qa5 40.
Red1 Qxa4 41. Qxd6 exf4 42. Qxd4 fxg3 43. Ra1 gxh2+ 44. Kxh2 Rh5+ 45. Kg2 Rg5+
46. Kh2 Rh5+ 47. Kg2 Rg5+ 48. Kh2 1/2-1/2

[Event "11th Philadelphia International"]
[Site "Philadelphia, PA"]
[Date "2017.06.25"]
[Round "3.32"]
[White "Guddanti, Harshita"]
[Black "Shepherd, Duncan"]
[Result "1/2-1/2"]
[WhiteElo "2023"]
[BlackElo "1785"]
[PlyCount "225"]
[EventDate "2017.06.??"]
[EventType "swiss"]
[EventRounds "9"]
[EventCountry "USA"]

1. e4 c6 2. d4 d5 3. Nc3 dxe4 4. Nxe4 Bf5 5. Ng3 Bg6 6. h4 h6 7. h5 Bh7 8. Nf3
e6 9. Bd3 Bxd3 10. Qxd3 Nf6 11. Bd2 c5 12. Ne4 Nbd7 13. O-O-O Rc8 14. dxc5 Nxe4
15. Qxe4 Nxc5 16. Qe2 Qd5 17. Kb1 Qe4 18. Be3 Be7 19. Rd4 Qc6 20. Rg4 Bf6 21.
Bd4 Na4 22. Ne5 Bxe5 23. Bxe5 f6 24. Qd3 fxe5 25. Qg6+ Kd8 26. Qd3+ Kc7 27. Qa3
b5 28. c4 Kb8 29. Qg3 Qc5 30. Rxg7 Qd4 31. Qb3 Qxc4 32. Qxc4 bxc4 33. Re1 Rhg8
34. Rxg8 Rxg8 35. b3 cxb3 36. axb3 Nc5 37. Rxe5 Nd7 38. Rxe6 Rxg2 39. f4 Rf2
40. Rxh6 Rxf4 41. Kc2 Rf3 42. Rh8+ Kc7 43. h6 Rh3 44. Kb2 Nf6 45. Ka3 Kb7 46.
Ka4 Ng4 47. Rg8 Nxh6 48. Rg7+ Kb6 49. Rg6+ Kc5 50. b4+ Kc4 51. Rc6+ Kd5 52. Ra6
Nf5 53. Rxa7 Nd6 54. Rg7 Rh1 55. Rg5+ Kc6 56. Rg6 Rh5 57. b5+ Kc5 58. b6 Rh1
59. Kb3 Rb1+ 60. Kc3 Rxb6 61. Rg5+ Kc6 62. Rh5 Rb8 63. Kd4 Rb4+ 64. Kc3 Rg4 65.
Kd3 Nf7 66. Rf5 Ng5 67. Ke3 Kd6 68. Ra5 Ne6 69. Kf3 Rb4 70. Rh5 Nd4+ 71. Ke3
Nc6 72. Kd3 Ne5+ 73. Kc3 Rc4+ 74. Kb3 Rc8 75. Kb4 Kd5 76. Kb3 Rc1 77. Kb2 Rc5
78. Kb3 Kc6 79. Rh8 Kb6 80. Rb8+ Kc7 81. Rh8 Nc6 82. Rh7+ Kb6 83. Rh6 Kb5 84.
Rh8 Nd4+ 85. Kb2 Rc2+ 86. Kb1 Rg2 87. Rb8+ Kc4 88. Rc8+ Kb4 89. Rb8+ Nb5 90.
Kc1 Kc3 91. Rc8+ Kd3 92. Rd8+ Nd4 93. Kb1 Rg7 94. Kb2 Rc7 95. Rh8 Rb7+ 96. Ka3
Nc2+ 97. Ka4 Ne3 98. Ka5 Nc4+ 99. Ka6 Rb1 100. Ka7 Kd4 101. Rb8 Ra1+ 102. Kb7
Nd6+ 103. Kc6 Ra6+ 104. Kd7 Kd5 105. Rb1 Ra7+ 106. Kd8 Nc4 107. Rd1+ Ke6 108.
Re1+ Ne5 109. Kc8 Re7 110. Re2 Kf7 111. Rf2+ Ke8 112. Re2 Re6 113. Re1 1/2-1/2

[Event "11th Philadelphia International"]
[Site "Philadelphia, PA"]
[Date "2017.06.25"]
[Round "3.33"]
[White "Norman, Dennis"]
[Black "Zhu, Qingyu"]
[Result "0-1"]
[WhiteElo "1644"]
[BlackElo "1964"]
[PlyCount "112"]
[EventDate "2017.06.??"]
[EventType "swiss"]
[EventRounds "9"]
[EventCountry "USA"]

1. e4 e5 2. Nf3 Nc6 3. Bb5 a6 4. Ba4 Nf6 5. d3 b5 6. Bb3 Be7 7. O-O d6 8. c3
O-O 9. Re1 Na5 10. Bc2 c5 11. Nbd2 Ne8 12. Nf1 g6 13. d4 Qc7 14. Ne3 Bb7 15.
dxe5 dxe5 16. Nd5 Qd6 17. Nxe7+ Qxe7 18. Qe2 Rd8 19. Bh6 Ng7 20. b3 Rd7 21.
Rad1 Rfd8 22. Rxd7 Rxd7 23. Rd1 f6 24. Rxd7 Qxd7 25. Qd2 Qxd2 26. Nxd2 Ne6 27.
Be3 Nc6 28. Nf3 Kf7 29. Kf1 Ke7 30. Ke2 b4 31. c4 Ncd4+ 32. Nxd4 exd4 33. Bc1
Kd6 34. g3 g5 35. f3 h6 36. Bd3 Bc8 37. Bd2 Ng7 38. g4 Ne6 39. Bc2 Ke5 40. Bd3
Nf4+ 41. Bxf4+ Kxf4 42. Kf2 Bxg4 43. fxg4 Kxg4 44. Bf1 Kf4 45. Bg2 g4 46. Ke2
h5 47. Bh1 h4 48. Kf2 d3 49. Bg2 h3 50. Bh1 a5 51. Kf1 Ke3 52. Ke1 d2+ 53. Kd1
Kf2 54. Kxd2 Kg1 55. e5 fxe5 56. Be4 Kxh2 0-1

[Event "11th Philadelphia International"]
[Site "Philadelphia, PA"]
[Date "2017.06.25"]
[Round "3.36"]
[White "Goli, Sandhya"]
[Black "Wongso, Steve"]
[Result "1-0"]
[WhiteElo "1873"]
[BlackElo "1636"]
[PlyCount "141"]
[EventDate "2017.06.??"]
[EventType "swiss"]
[EventRounds "9"]
[EventCountry "USA"]

1. e4 e5 2. Nf3 Nc6 3. Bc4 Nf6 4. d3 Be7 5. O-O O-O 6. Re1 d6 7. a4 Na5 8. Ba2
c5 9. c3 Nc6 10. Na3 h6 11. h3 Be6 12. Nc4 a6 13. Ne3 Bxa2 14. Rxa2 Re8 15. Nd5
Bf8 16. Nxf6+ Qxf6 17. b3 Rad8 18. c4 Rc8 19. Rd2 Qd8 20. Nh2 Qb6 21. Ng4 Nd4
22. Rb2 f5 23. exf5 Nxf5 24. Qf3 Nd4 25. Qd5+ Kh8 26. Qf7 Qc7 27. Qg6 Re6 28.
Qe4 Qc6 29. Ne3 Qxe4 30. dxe4 Rg6 31. Kh1 Be7 32. b4 cxb4 33. Rxb4 Bg5 34. Rxb7
Bxe3 35. Bxe3 Rxc4 36. Rc1 Rxa4 37. Rc8+ Kh7 38. Rbb8 Rf6 39. h4 Kg6 40. g4 h5
41. Rh8 Rf7 42. gxh5+ Kf6 43. h6 gxh6 44. Rxh6+ Kg7 45. Rbh8 Nf3 46. Kg2 Ne1+
47. Kf1 Nd3 48. R6h7+ Kf6 49. Bg5+ Ke6 50. Re8+ Kd7 51. Rd8+ Kc6 52. Rxf7 Rxe4
53. h5 Rg4 54. Be3 Rh4 55. h6 Nf4 56. Bxf4 exf4 57. h7 a5 58. h8=Q Rxh8 59.
Rxh8 a4 60. Rb8 d5 61. Ra7 d4 62. Rxa4 Kc5 63. Rc8+ Kd5 64. Rd8+ Ke5 65. Rdxd4
f3 66. Rh4 Kf5 67. Rh5+ Kg6 68. Rb5 Kf6 69. Ra6+ Ke7 70. Rb7+ Kd8 71. Ra8# 1-0

[Event "11th Philadelphia International"]
[Site "Philadelphia, PA"]
[Date "2017.06.25"]
[Round "3.37"]
[White "Lee, Jayden"]
[Black "Zhu, Evelyn"]
[Result "0-1"]
[WhiteElo "1689"]
[BlackElo "1784"]
[PlyCount "104"]
[EventDate "2017.06.??"]
[EventType "swiss"]
[EventRounds "9"]
[EventCountry "USA"]

1. e4 c5 2. Nf3 e6 3. d4 cxd4 4. Nxd4 a6 5. Nc3 Nc6 6. Be3 Qc7 7. a4 Nf6 8. g3
Bb4 9. Bg2 Ne5 10. Nde2 b6 11. O-O Bb7 12. Bf4 d6 13. Na2 Bc5 14. b4 Bxf2+ 15.
Rxf2 Nxe4 16. Rf1 Rc8 17. Rc1 Qc4 18. Bxe5 dxe5 19. Qd3 Qxa2 20. Bxe4 Bxe4 21.
Qxe4 O-O 22. b5 Rc4 23. Qxe5 Qxa4 24. bxa6 Qxa6 25. Nd4 Rc5 26. Qe3 Qc4 27. Nb3
Rb5 28. Rf4 Qc7 29. Rcf1 Re5 30. Qf2 b5 31. Nd4 h6 32. h4 f6 33. Re1 Rxe1+ 34.
Qxe1 e5 35. Nxb5 Qb6+ 36. Rf2 Qxb5 37. Qc1 Rc8 38. c3 Qd3 39. Kh2 Rxc3 40. Qg1
e4 41. Qg2 e3 42. Re2 Rc4 43. Rxe3 Rxh4+ 44. gxh4 Qxe3 45. Qd5+ Kh8 46. Qf5
Qe5+ 47. Qxe5 fxe5 48. Kg3 g6 49. Kf3 Kg7 50. Ke4 Kf6 51. Kf3 Kf5 52. h5 gxh5
0-1

[Event "11th Philadelphia International"]
[Site "Philadelphia, PA"]
[Date "2017.06.25"]
[Round "4.1"]
[White "Perez, Yuniesky"]
[Black "Li, Ruifeng"]
[Result "1-0"]
[WhiteElo "2624"]
[BlackElo "2571"]
[PlyCount "63"]
[EventDate "2017.06.??"]
[EventType "swiss"]
[EventRounds "9"]
[EventCountry "USA"]
[WhiteClock "0:31:01"]
[BlackClock "0:37:42"]

1. e4 c5 2. Nf3 d6 3. d4 cxd4 4. Nxd4 Nf6 5. Nc3 a6 6. h3 e6 7. g4 Nfd7 8. Be3
b5 9. a3 Bb7 10. g5 Be7 11. h4 O-O 12. Rg1 Nc5 13. f3 Nc6 14. h5 Na4 15. Nxa4
bxa4 16. Nxc6 Bxc6 17. Qd2 Qc7 18. O-O-O d5 19. h6 dxe4 20. Qc3 e5 21. Bc4 g6
22. Rd7 Bxd7 23. Bxf7+ Rxf7 24. Qxc7 exf3 25. Qxd7 Bxg5 26. Qd3 Bxe3+ 27. Qxe3
Rf5 28. Qe4 Raf8 29. Qc4+ Kh8 30. Rd1 Rh5 31. Qc5 Rg8 32. Qe7 1-0

[Event "11th Philadelphia International"]
[Site "Philadelphia, PA"]
[Date "2017.06.25"]
[Round "4.2"]
[White "Burke, John"]
[Black "Nyzhnyk, Illia"]
[Result "1/2-1/2"]
[WhiteElo "2489"]
[BlackElo "2612"]
[PlyCount "32"]
[EventDate "2017.06.??"]
[EventType "swiss"]
[EventRounds "9"]
[EventCountry "USA"]
[WhiteClock "1:20:35"]
[BlackClock "1:09:47"]

1. e4 e6 2. d4 d5 3. Nd2 c5 4. Ngf3 cxd4 5. Nxd4 Nf6 6. exd5 Qxd5 7. Nb5 Na6 8.
Nc3 Qd8 9. a3 Be7 10. Qf3 Nc5 11. Nc4 Bd7 12. Ne5 Qc8 13. g3 O-O 14. Nxd7 Nfxd7
15. Bg2 Ne5 16. Qe2 Nc6 1/2-1/2

[Event "11th Philadelphia International"]
[Site "Philadelphia, PA"]
[Date "2017.06.25"]
[Round "4.3"]
[White "Stukopin, Andrey"]
[Black "Mulyar, Michael"]
[Result "1/2-1/2"]
[WhiteElo "2577"]
[BlackElo "2407"]
[PlyCount "64"]
[EventDate "2017.06.??"]
[EventType "swiss"]
[EventRounds "9"]
[EventCountry "USA"]
[WhiteClock "0:39:54"]
[BlackClock "0:27:01"]

1. e4 e5 2. Nf3 Nc6 3. Bc4 Nf6 4. d3 Be7 5. O-O O-O 6. Re1 d6 7. a3 Bg4 8. h3
Bh5 9. g4 Bg6 10. Nc3 Qd7 11. Nh4 Nd4 12. Be3 Ne6 13. Nf5 c6 14. Ba2 Bd8 15.
Qf3 Bb6 16. Ne2 Bxe3 17. fxe3 d5 18. Neg3 dxe4 19. dxe4 Ng5 20. Qg2 Bxf5 21.
Nxf5 Rad8 22. Rf1 Qd2 23. h4 Qxg2+ 24. Kxg2 Rd2+ 25. Rf2 Rxf2+ 26. Kxf2 Ngxe4+
27. Kf3 g5 28. Rd1 gxh4 29. Nxh4 Ng5+ 30. Kg3 Nge4+ 31. Kf3 Ng5+ 32. Kg3 Nge4+
1/2-1/2